Ke arah islamisasi undang-undang di Malaysia

Bibliographic Details
Main Author: Tan Sri Datuk Profesor Amiratus Ahmad Ibrahim
Format: Book
Published: Kuala Lumpur : Yayasan Dakwah Islamiah Malaysia , 1988
Subjects:

MARC

LEADER 00000cam a2200000 7i4500
001 0000000738
005 20050622.0
020 |a 9839952633 
040 |a INS 
090 0 0 |a BP144.   |b A354 1988 
100 0 |a Tan Sri Datuk Profesor Amiratus Ahmad Ibrahim 
245 1 0 |a Ke arah islamisasi undang-undang di Malaysia   |c Tan Sri Datuk Profesor Amiratus Ahmad Ibrahim 
260 |a Kuala Lumpur :   |b Yayasan Dakwah Islamiah Malaysia ,   |c 1988 
300 |a 80p ;   |c 21cm. 
650 0 0 |a Islamic law   |x Malaysia 
999 |a 0000003172   |b BOOK   |c Open Shelf   |e Default branch